|
|
|
|
| LEADER |
00756cam a2200193 7i4500 |
| 001 |
0000029242 |
| 005 |
20170218090000.0 |
| 008 |
090817 eng |
| 020 |
|
|
|a 9781844423699 (pbk.)
|
| 040 |
|
|
|a OhCoOLI
|
| 090 |
0 |
0 |
|a TR267
|b .A57 2005
|
| 100 |
1 |
|
|a Andrews, Philip
|
| 245 |
1 |
4 |
|a The new digital photography manual :
|b an introduction to the equipment and creative techniques of digital photography
|c Philip Andrews.
|
| 260 |
|
|
|a London:
|b Carlton Books Ltd.,
|c 2005.
|
| 300 |
|
|
|a 192 p.:
|b col. ill.;
|c 26 cm.
|
| 500 |
|
|
|a Includes index
|
| 650 |
0 |
0 |
|a Photography --
|x Digital techniques
|
| 997 |
|
|
|a Communication, Visual Art & Computing, Faculty
|b Visual Art, Department
|
| 999 |
|
|
|a 0000037491
|b BOK
|c REFERENCE
|e Ground Floor, Bestari Jaya
|